[Event "Titled Tuesday intern op 23rd Jan Late"]
[Site "Chess.com INT"]
[Date "2024.01.23"]
[Round "4"]
[White "Chabris, Christopher"]
[Black "Loebler, Heimo"]
[Result "1-0"]
[WhiteElo "2078"]
[BlackElo "2083"]
[PlyCount "53"]
[EventDate "2024.01.23"]
[EventType "swiss (blitz)"]
[EventRounds "11"]
[EventCountry "USA"]
[SourceTitle "CB05_2024"]
[SourceDate "2024.01.31"]
[SourceVersion "1"]
[SourceVersionDate "2024.01.31"]
[SourceQuality "1"]

1. e4 c5 2. Nf3 Nc6 3. Bb5 g6 4. Bxc6 bxc6 5. 0-0 Bg7 6. Re1 Nf6 7. e5 Nd5 8. c4 Nc7 9. d4 cxd4 10. Qxd4 Ne6 11. Qh4 h5 12. Nc3 Qc7 13. Bd2 Rb8 14. b3 Bb7 15. Rac1 Bh6 16. Nd5 cxd5 17. cxd5 Qb6 18. dxe6 dxe6 19. Bxh6 Rxh6 20. Qf4 Rh8 21. Ng5 Rf8 22. Red1 Bd5 23. Rc3 Qb7 24. Rdc1 Qb6 25. h4 f6 26. Nh7 Rf7 27. Qh6 1-0

[Event "Titled Tuesday intern op 11th Jul Late"]
[Site "Chess.com INT"]
[Date "2023.07.11"]
[Round "6"]
[White "Ward, Noah"]
[Black "Loebler, Heimo"]
[Result "1-0"]
[WhiteElo "2273"]
[BlackElo "2086"]
[PlyCount "73"]
[EventDate "2023.07.11"]
[EventType "swiss (blitz)"]
[EventRounds "11"]
[EventCountry "USA"]
[SourceTitle "EXT 2024"]
[Source "ChessBase"]
[SourceDate "2023.10.10"]
[SourceVersion "1"]
[SourceVersionDate "2023.10.10"]
[SourceQuality "1"]

1. d4 Nf6 2. Nc3 d5 3. Bf4 c5 4. e4 dxe4 5. dxc5 Qxd1+ 6. Rxd1 e6 7. Be3 Be7 8. Nb5 Na6 9. Nd6+ Bxd6 10. Rxd6 0-0 11. c3 Nc7 12. b4 Ncd5 13. Bd4 a5 14. b5 Bd7 15. c4 Nb4 16. Bxf6 gxf6 17. Rxd7 Rfd8 18. Rxd8+ Rxd8 19. Be2 Nc2+ 20. Kf1 Rc8 21. Bd1 Nd4 22. Ne2 e5 23. Nc3 f5 24. c6 bxc6 25. b6 c5 26. Nd5 Rb8 27. h4 Kf8 28. h5 h6 29. Rh3 f4 30. Ra3 Nc6 31. Ba4 Ne7 32. Bb5 Nxd5 33. cxd5 Rxb6 34. Rxa5 Ke7 35. a4 Kd6 36. Ra7 Kxd5 37. Rxf7 1-0

[Event "Titled Tuesday intern op 27th Jun Early"]
[Site "Chess.com INT"]
[Date "2023.06.27"]
[Round "9"]
[White "Skiadopoulos, Nikolaos"]
[Black "Loebler, Heimo"]
[Result "1/2-1/2"]
[WhiteElo "1896"]
[BlackElo "2086"]
[PlyCount "108"]
[EventDate "2023.06.27"]
[EventType "swiss (blitz)"]
[EventRounds "11"]
[EventCountry "USA"]
[SourceTitle "EXT 2024"]
[Source "ChessBase"]
[SourceDate "2023.10.10"]
[SourceVersion "1"]
[SourceVersionDate "2023.10.10"]
[SourceQuality "1"]

1. e4 c5 2. b4 cxb4 3. a3 d5 4. exd5 Qxd5 5. Nf3 e5 6. c4 Qd6 7. Bb2 Nc6 8. axb4 Qxb4 9. Bxe5 Nxe5 10. Nxe5 Qe7 11. Qe2 f6 12. Nf3 Qxe2+ 13. Bxe2 Bb4 14. 0-0 Ne7 15. d4 0-0 16. Nbd2 Bg4 17. h3 Bh5 18. g4 Bf7 19. Ne4 Nc6 20. d5 Ne5 21. Nxe5 fxe5 22. Ng5 h6 23. Nxf7 Kxf7 24. f4 exf4 25. Rxf4+ Kg8 26. Raf1 Rxf4 27. Rxf4 Rf8 28. Rxf8+ Kxf8 29. Kf2 Ke7 30. Ke3 Kd6 31. Kd4 a5 32. Bd1 Bc5+ 33. Kd3 Ke5 34. h4 Kf4 35. h5 b6 36. Kc3 Ke3 37. Ba4 Bb4+ 38. Kb3 Kd2 39. Bd7 Kd3 40. Bf5+ Kd4 41. Be6 Kd3 42. Bf5+ Kd2 43. Ka4 Kc3 44. Be6 Kxc4 45. d6+ Kd4 46. d7 Be7 47. Kb5 Ke5 48. Bf5 Bd8 49. Ka4 Kd6 50. Kb5 Kc7 51. Be6 Be7 52. Bf5 Bd8 53. Be6 Be7 54. Bf5 Bd8 1/2-1/2

[Event "Titled Tuesday intern op 13th Jun Late"]
[Site "Chess.com INT"]
[Date "2023.06.13"]
[Round "1"]
[White "Loebler, Heimo"]
[Black "Martinez Martin, David"]
[Result "0-1"]
[WhiteElo "2086"]
[BlackElo "2385"]
[PlyCount "82"]
[EventDate "2023.06.13"]
[EventType "swiss (blitz)"]
[EventRounds "11"]
[EventCountry "USA"]
[SourceTitle "EXT 2024"]
[Source "ChessBase"]
[SourceDate "2023.10.10"]
[SourceVersion "1"]
[SourceVersionDate "2023.10.10"]
[SourceQuality "1"]

1. d4 Nf6 2. c4 e6 3. Nc3 d5 4. cxd5 exd5 5. Bg5 c6 6. e3 Be7 7. Bd3 h6 8. Bf4 0-0 9. h3 Re8 10. Nf3 Nbd7 11. Qc2 Nf8 12. 0-0 Ne6 13. Bh2 a5 14. Ne5 a4 15. a3 Bd6 16. f4 c5 17. f5 Ng5 18. Bf4 cxd4 19. exd4 Nge4 20. Nxe4 dxe4 21. Bxe4 Nxe4 22. Qxe4 Ra5 23. Qc2 Qb6 24. Nc4 Qxd4+ 25. Kh1 Bxf5 26. Qd2 Qxd2 27. Bxd2 Rd5 28. Nxd6 Rxd6 29. Bb4 Rd5 30. Rad1 Rxd1 31. Rxd1 Be6 32. Bc3 f6 33. Rd6 Kf7 34. Rb6 Bd5 35. Rb5 Bc6 36. Rb4 Re2 37. Rg4 g5 38. Rg3 h5 39. Kg1 h4 40. Rg4 Kg6 41. Kf1 Rc2 0-1

[Event "Titled Tuesday intern op 13th Jun Late"]
[Site "Chess.com INT"]
[Date "2023.06.13"]
[Round "7"]
[White "Ouellet, Maili Jade"]
[Black "Loebler, Heimo"]
[Result "1-0"]
[WhiteElo "2243"]
[BlackElo "2086"]
[PlyCount "53"]
[EventDate "2023.06.13"]
[EventType "swiss (blitz)"]
[EventRounds "11"]
[EventCountry "USA"]
[SourceTitle "EXT 2024"]
[Source "ChessBase"]
[SourceDate "2023.10.10"]
[SourceVersion "1"]
[SourceVersionDate "2023.10.10"]
[SourceQuality "1"]

1. e4 c5 2. Nf3 Nc6 3. Nc3 g6 4. d4 cxd4 5. Nxd4 Bg7 6. Be3 Nf6 7. Be2 0-0 8. 0-0 d6 9. h3 Bd7 10. Qd2 Rc8 11. f4 Na5 12. Rad1 Nc4 13. Bxc4 Rxc4 14. e5 Ne8 15. Nf3 Qb8 16. b3 Rc8 17. Nd5 Kh8 18. Nxe7 Rd8 19. c4 dxe5 20. fxe5 Nc7 21. Qf2 Be6 22. Qh4 Rxd1 23. Rxd1 Ne8 24. Ng5 h6 25. Nxe6 fxe6 26. Bxh6 Qxe5 27. Bg5+ 1-0

[Event "AUT-ch Rapid"]
[Site "Graz"]
[Date "2023.06.10"]
[Round "4"]
[White "Horvath, Dominik"]
[Black "Loebler, Heimo"]
[Result "1-0"]
[WhiteElo "2523"]
[BlackElo "2086"]
[PlyCount "92"]
[EventDate "2023.06.10"]
[EventType "swiss (rapid)"]
[EventRounds "9"]
[EventCountry "AUT"]
[SourceTitle "CBM 214 Extra"]
[Source "ChessBase"]
[SourceDate "2023.07.31"]
[SourceVersion "1"]
[SourceVersionDate "2023.07.31"]
[SourceQuality "1"]

1. e4 c5 2. Nf3 Nc6 3. d4 cxd4 4. Nxd4 e5 5. Nb5 d6 6. N1c3 a6 7. Na3 b5 8. Nd5 Nce7 9. c4 Nxd5 10. exd5 bxc4 11. Nxc4 Nf6 12. Bd2 a5 13. Be3 Rb8 14. Rc1 Be7 15. Ba7 Bg4 16. f3 Rb7 17. fxg4 Rxa7 18. Qa4+ Nd7 19. Bd3 0-0 20. 0-0 Nc5 21. Qd1 Bg5 22. Rc3 Nxd3 23. Qxd3 g6 24. g3 Bf6 25. Rb3 Bg7 26. Rb6 Rd7 27. Kg2 Qc7 28. Rc6 Qb8 29. b3 a4 30. bxa4 Qb4 31. Qb3 Qb8 32. a5 Qd8 33. a6 f5 34. gxf5 gxf5 35. Qb6 Qg5 36. Rxd6 Rdf7 37. a7 f4 38. Qf2 h5 39. Ra6 Ra8 40. Qf3 Rfxa7 41. Rxa7 Rxa7 42. d6 fxg3 43. h4 Qg4 44. Qxg4 hxg4 45. a3 Rd7 46. Rd1 Bf8 1-0

[Event "Titled Tuesday intern op 30th May Late"]
[Site "Chess.com INT"]
[Date "2023.05.30"]
[Round "9"]
[White "Loebler, Heimo"]
[Black "Schut, Han"]
[Result "0-1"]
[WhiteElo "2086"]
[BlackElo "2101"]
[PlyCount "100"]
[EventDate "2023.05.30"]
[EventType "swiss (blitz)"]
[EventRounds "11"]
[EventCountry "USA"]
[SourceTitle "CBM 214 Extra"]
[Source "ChessBase"]
[SourceDate "2023.07.31"]
[SourceVersion "1"]
[SourceVersionDate "2023.07.31"]
[SourceQuality "1"]

1. d4 Nf6 2. c4 g6 3. Nf3 Bg7 4. g3 0-0 5. Bg2 d5 6. cxd5 Nxd5 7. Nc3 c5 8. e4 Nxc3 9. bxc3 Nc6 10. d5 Ne5 11. Nxe5 Bxe5 12. Bd2 c4 13. 0-0 b5 14. f4 Bg7 15. e5 Bb7 16. Be3 a6 17. Qd2 Qd7 18. a4 Rfd8 19. Rfd1 f6 20. exf6 Bxf6 21. Be4 e6 22. Bd4 Bxd4+ 23. Qxd4 Bxd5 24. Bxd5 Qxd5 25. Qf6 Qxd1+ 26. Rxd1 Rxd1+ 27. Kg2 Rd6 28. axb5 axb5 29. Qe7 Rb6 30. h4 Rab8 31. h5 R8b7 32. Qe8+ Kg7 33. hxg6 hxg6 34. Kh3 b4 35. cxb4 Rc7 36. Kg4 c3 37. Kg5 Rf7 38. g4 c2 39. Qc8 Rb5+ 40. Kh4 Rxb4 41. Qxc2 Rbxf4 42. Qc3+ Kh7 43. Kg5 Rf1 44. Qh3+ Kg7 45. Qc3+ Kg8 46. Qc8+ Kg7 47. Qxe6 R1f6 48. Qe5 Kh7 49. Qxf6 Rxf6 50. Kxf6 g5 0-1

[Event "Titled Tuesday intern op 30th May Late"]
[Site "Chess.com INT"]
[Date "2023.05.30"]
[Round "1"]
[White "Moral Garcia, Serafin"]
[Black "Loebler, Heimo"]
[Result "1-0"]
[WhiteElo "2238"]
[BlackElo "2086"]
[PlyCount "71"]
[EventDate "2023.05.30"]
[EventType "swiss (blitz)"]
[EventRounds "11"]
[EventCountry "USA"]
[SourceTitle "CBM 214 Extra"]
[Source "ChessBase"]
[SourceDate "2023.07.31"]
[SourceVersion "1"]
[SourceVersionDate "2023.07.31"]
[SourceQuality "1"]

1. Nf3 c5 2. b3 Nc6 3. Bb2 d6 4. d4 cxd4 5. Nxd4 Bd7 6. c4 Nf6 7. e3 g6 8. Be2 Bg7 9. Bf3 0-0 10. Nc3 Rb8 11. 0-0 a6 12. Qd2 Ne5 13. Be2 b5 14. cxb5 Bxb5 15. Ncxb5 axb5 16. Bxb5 Qb6 17. a4 Ne4 18. Qe2 Nc5 19. Rac1 Rfc8 20. b4 Ne4 21. f3 Nf6 22. f4 Ned7 23. Nc6 Nd5 24. Bxg7 Kxg7 25. Nxb8 Rxb8 26. Bxd7 Nxe3 27. Rf2 e6 28. b5 d5 29. h3 Nc4 30. Kh2 Ra8 31. Ra1 Qd4 32. Ra2 Ne3 33. Bc6 Ra7 34. Qb2 Qxb2 35. Rfxb2 h5 36. b6 1-0

[Event "Titled Tuesday intern op 30th May Late"]
[Site "Chess.com INT"]
[Date "2023.05.30"]
[Round "2"]
[White "Skaric, Djuro"]
[Black "Loebler, Heimo"]
[Result "1-0"]
[WhiteElo "2334"]
[BlackElo "2086"]
[PlyCount "101"]
[EventDate "2023.05.30"]
[EventType "swiss (blitz)"]
[EventRounds "11"]
[EventCountry "USA"]
[SourceTitle "CBM 214 Extra"]
[Source "ChessBase"]
[SourceDate "2023.07.31"]
[SourceVersion "1"]
[SourceVersionDate "2023.07.31"]
[SourceQuality "1"]

1. g3 d5 2. Bg2 e5 3. d3 Nc6 4. Nf3 g6 5. 0-0 Bg7 6. h3 Nge7 7. Nc3 0-0 8. e4 dxe4 9. dxe4 Qxd1 10. Rxd1 h6 11. Be3 Be6 12. a3 a6 13. Rd2 Rad8 14. Rad1 Rxd2 15. Rxd2 Rd8 16. Rxd8+ Nxd8 17. Bf1 Ndc6 18. Na4 Nd4 19. Ne1 Bc8 20. Nc5 Ne6 21. c3 Nxc5 22. Bxc5 Nc6 23. Kg2 b6 24. Be3 Bf8 25. Nd3 Kg7 26. Be2 Bd6 27. f4 f6 28. g4 exf4 29. Nxf4 Bxf4 30. Bxf4 Ne5 31. Kf2 a5 32. Ke3 Be6 33. Kd4 Nc6+ 34. Ke3 Ne5 35. b4 axb4 36. cxb4 c6 37. Kd4 Nd7 38. a4 c5+ 39. bxc5 Nxc5 40. Bd1 Bd7 41. a5 Ne6+ 42. Ke3 Nxf4 43. axb6 Bc6 44. Kxf4 Kf7 45. Bb3+ Ke7 46. Bd5 Bxd5 47. exd5 Kd6 48. h4 h5 49. gxh5 gxh5 50. Kf5 Kxd5 51. b7 1-0

[Event "Titled Tuesday intern op 02nd May Late"]
[Site "Chess.com INT"]
[Date "2023.05.02"]
[Round "10"]
[White "Loebler, Heimo"]
[Black "Prieto Aranguren, Alain"]
[Result "0-1"]
[WhiteElo "2086"]
[BlackElo "2258"]
[PlyCount "98"]
[EventDate "2023.05.02"]
[EventType "swiss (blitz)"]
[EventRounds "11"]
[EventCountry "USA"]
[SourceTitle "EXT 2024"]
[Source "ChessBase"]
[SourceDate "2023.10.10"]
[SourceVersion "1"]
[SourceVersionDate "2023.10.10"]
[SourceQuality "1"]

1. d4 Nf6 2. c3 c5 3. Nf3 cxd4 4. cxd4 d5 5. Nc3 Nc6 6. Bf4 e6 7. e3 Bd6 8. Bxd6 Qxd6 9. Bb5 0-0 10. 0-0 Bd7 11. Bxc6 Bxc6 12. Ne5 Rfc8 13. Qb3 Rab8 14. a4 Be8 15. Rfc1 Nd7 16. Nd3 Nb6 17. Nb5 Rxc1+ 18. Rxc1 Bxb5 19. Qxb5 a6 20. Qc5 Qxc5 21. Nxc5 Nc4 22. b3 Nd6 23. f3 Rc8 24. Kf2 b6 25. Nd3 Rxc1 26. Nxc1 Kf8 27. Ke2 Ke7 28. Nd3 Kd7 29. Ne5+ Kc7 30. Kd2 f6 31. Nd3 Kd7 32. Kc3 g5 33. a5 bxa5 34. Nc5+ Ke7 35. Nxa6 h5 36. Nc5 h4 37. h3 Kf7 38. b4 axb4+ 39. Kxb4 Nf5 40. Nd7 Nxe3 41. Kc5 Nxg2 42. Kd6 Ne1 43. Nc5 Nxf3 44. Nxe6 Ng1 45. Kxd5 Nxh3 46. Nd8+ Ke8 47. Nc6 Nf4+ 48. Ke4 h3 49. Kf3 h2 0-1

[Event "Titled Tuesday intern op 02nd May Late"]
[Site "Chess.com INT"]
[Date "2023.05.02"]
[Round "2"]
[White "Prydun, Andriy"]
[Black "Loebler, Heimo"]
[Result "1-0"]
[WhiteElo "2134"]
[BlackElo "2086"]
[PlyCount "85"]
[EventDate "2023.05.02"]
[EventType "swiss (blitz)"]
[EventRounds "11"]
[EventCountry "USA"]
[SourceTitle "EXT 2024"]
[Source "ChessBase"]
[SourceDate "2023.10.10"]
[SourceVersion "1"]
[SourceVersionDate "2023.10.10"]
[SourceQuality "1"]

1. e4 c5 2. Nf3 Nc6 3. Bb5 e6 4. 0-0 Nge7 5. Re1 Nd4 6. Bf1 d5 7. Nxd4 cxd4 8. e5 Nc6 9. d3 Qc7 10. f4 h6 11. a3 g5 12. Nd2 gxf4 13. Nf3 Bg7 14. Bxf4 Bd7 15. Qd2 0-0-0 16. c3 dxc3 17. bxc3 Kb8 18. Rab1 Ne7 19. Rb4 Bc6 20. Nd4 Ng6 21. Bg3 h5 22. Reb1 h4 23. Nxc6+ Qxc6 24. Rxb7+ Qxb7 25. Rxb7+ Kxb7 26. Bf2 Nxe5 27. Qg5 Rhg8 28. Qe7+ Rd7 29. Qc5 Ka8 30. Kh1 h3 31. c4 Bf6 32. d4 Nxc4 33. Qc6+ Rb7 34. gxh3 Rgb8 35. Bg3 Rg8 36. h4 Bxd4 37. h5 Rh8 38. Be2 Rg8 39. h6 Rh8 40. Bf4 e5 41. Bg3 f5 42. Qxd5 f4 43. Bf3 1-0

[Event "Titled Tuesday intern op 10th Jan Late"]
[Site "Chess.com INT"]
[Date "2023.01.10"]
[Round "6"]
[White "Loebler, Heimo"]
[Black "Vaglio Munoz, Jaime"]
[Result "1-0"]
[WhiteElo "2109"]
[BlackElo "2174"]
[PlyCount "91"]
[EventDate "2023.01.10"]
[EventType "swiss (blitz)"]
[EventRounds "11"]
[EventCountry "USA"]
[SourceTitle "EXT 2024"]
[Source "ChessBase"]
[SourceDate "2023.10.10"]
[SourceVersion "1"]
[SourceVersionDate "2023.10.10"]
[SourceQuality "1"]

1. d4 c6 2. c4 b5 3. cxb5 cxb5 4. e4 Bb7 5. Bd3 Nf6 6. Nd2 Nc6 7. Ngf3 a6 8. 0-0 e6 9. a3 d6 10. Qe2 Be7 11. Re1 e5 12. d5 Nb8 13. Nf1 0-0 14. Ng3 Re8 15. Nf5 Bf8 16. Bg5 Nbd7 17. Rac1 h6 18. Bh4 g6 19. Ne3 Qb6 20. Kh1 Bg7 21. h3 Nh5 22. Ng4 Nc5 23. Bb1 Nf4 24. Qe3 b4 25. Bg3 bxa3 26. bxa3 g5 27. h4 Qd8 28. hxg5 hxg5 29. Qc3 Bc8 30. Ne3 Rb8 31. Nf5 Bxf5 32. Bxf4 gxf4 33. exf5 Rb3 34. Qc2 Rxf3 35. f6 Qxf6 36. Qh7+ Kf8 37. gxf3 Ke7 38. Qf5 Qh6+ 39. Kg1 Rh8 40. Kf1 Rb8 41. Rxc5 Qh1+ 42. Ke2 Rb2+ 43. Bc2 Qh6 44. Rc7+ Ke8 45. Qxf7+ Kd8 46. Qd7# 1-0

[Event "Steyr Landesliga 2122"]
[Site "Austria"]
[Date "2022.03.19"]
[Round "4.4"]
[White "Loebler, Heimo"]
[Black "Wilfling, Hermann"]
[Result "1/2-1/2"]
[WhiteElo "2115"]
[BlackElo "2144"]
[PlyCount "23"]
[EventDate "2021.10.16"]
[EventType "team-tourn"]
[EventRounds "11"]
[EventCountry "AUT"]
[SourceTitle "EXT 2023"]
[Source "ChessBase"]
[SourceDate "2022.10.05"]
[SourceVersion "1"]
[SourceVersionDate "2022.10.05"]
[SourceQuality "1"]
[WhiteTeam "Graz Schachgesellschaft"]
[BlackTeam "Feldbach Kirchberg"]
[WhiteTeamCountry "AUT"]
[BlackTeamCountry "AUT"]

1. d4 Nf6 2. c4 e5 3. dxe5 Ng4 4. e3 Nxe5 5. Nh3 Nbc6 6. Nf4 Bb4+ 7. Bd2 0-0 8. Be2 Re8 9. 0-0 Bf8 10. Bc3 d6 11. b3 Bf5 12. Nd5 1/2-1/2

[Event "Steyr Landesliga 1920"]
[Site "Austria"]
[Date "2019.11.16"]
[Round "4.5"]
[White "Kormann, Werner"]
[Black "Loebler, Heimo"]
[Result "1/2-1/2"]
[WhiteElo "2167"]
[BlackElo "2135"]
[PlyCount "26"]
[EventDate "2019.09.28"]
[EventType "team-tourn"]
[EventRounds "11"]
[EventCountry "AUT"]
[SourceTitle "CBM 193 Extra"]
[Source "ChessBase"]
[SourceDate "2020.01.31"]
[SourceVersion "1"]
[SourceVersionDate "2020.01.31"]
[SourceQuality "1"]
[WhiteTeam "Trofaiach Niklasdorf"]
[BlackTeam "Graz Schachgesellschaft"]
[WhiteTeamCountry "AUT"]
[BlackTeamCountry "AUT"]

1. c4 e5 2. g3 Nf6 3. Bg2 d5 4. cxd5 Nxd5 5. Nf3 Nc6 6. 0-0 Nb6 7. d3 Be7 8. Nc3 0-0 9. b3 Bg4 10. Bb2 Re8 11. Ne4 Bf8 12. Rc1 Nd7 13. Qc2 a5 1/2-1/2

[Event "Steyr Landesliga 1819"]
[Site "Austria"]
[Date "2019.02.09"]
[Round "8.5"]
[White "Nuster, Erwin"]
[Black "Loebler, Heimo"]
[Result "1-0"]
[WhiteElo "2122"]
[BlackElo "2134"]
[PlyCount "55"]
[EventDate "2018.10.06"]
[EventType "team-tourn"]
[EventRounds "11"]
[EventCountry "AUT"]
[SourceTitle "CBM 189 Extra"]
[Source "ChessBase"]
[SourceDate "2019.06.03"]
[SourceVersion "1"]
[SourceVersionDate "2019.06.03"]
[SourceQuality "1"]
[WhiteTeam "Feldbach Kirchberg"]
[BlackTeam "Graz Schachgesellschaft"]
[WhiteTeamCountry "AUT"]
[BlackTeamCountry "AUT"]

1. Nf3 Nf6 2. c4 g6 3. g3 Bg7 4. Bg2 0-0 5. 0-0 d6 6. d4 Nc6 7. Nc3 a6 8. h3 Rb8 9. a4 a5 10. e4 e5 11. Be3 exd4 12. Nxd4 Bd7 13. Kh2 Re8 14. Qd2 Re5 15. f3 Rh5 16. Nd5 Ne5 17. Nxf6+ Bxf6 18. b3 Qc8 19. g4 Nxg4+ 20. fxg4 Be5+ 21. Kg1 Bxg4 22. hxg4 Qxg4 23. Bf4 Rd8 24. Rad1 c5 25. Bxe5 dxe5 26. Qf2 f5 27. Nf3 Re8 28. Qxc5 1-0